000 00823nam a2200253Ia 4500
003 OSt
005 20220923220745.0
006 a|||||r|||| 00| 0
007 ta
008 220922b |||||||| |||| 00| 0 hin d
024 _a190,052
037 _cTextual
040 _aARTS
_cARTS
_bhin
041 _2hin
_ahin
082 _aO152,2NAG1x, L6
100 _aबहोरे, रवीन्द्र नाथ, अज्ञात
_9164593
245 0 _aतूफान की ज़िन्दगी
246 _aTūfān kī ज़indagī
260 _c1976
300 _a116पृ.
_ccm.
650 _aहिन्दी साहित्य
_9156264
942 _hO152,2NAG1x, L6
_cTEXL
_2CC
999 _c342852
_d342852